00394 2200157 4500001002100000005001500021035002000036245005200056100002200108300001200130260004200142082000800184084001400192020001800206990001200224INLIS00000000000160920250424102709 a0010-04250000251 aBerpikir dan Berjiwa Besar /cDavid J. Schwartz0 aDavid J. Schwartz a382 hlm aJakarta :bPustaka Delapratasa,c1997 a100 a100 DAV b a979-8965-05-1 a0754723